The Swiss peasant /

Bibliographic Details
Main Author: Malan, César, 1787-1864
Format: Microform Book
Language:Cherokee
Published: Park Hill [Indian Territory] : Mission press, E. Archer, printer, 1848.
Subjects:

MARC

Tag First Indicator Second Indicator Subfields
LEADER 00000cam a2200000 a 4500
001 in00000084075
005 20151008055646.0
007 he bm----b---
008 801024r19791848kyu b 00010 chr d
035 |a (OCoLC)06856919 
035 |9 AAJ4038AM 
040 |a RRR  |c RRR  |d TXA  |d UtOrBLW 
049 |a TXAI 
099 |a fiche  |a C  |a 3752 
100 1 |a Malan, César,  |d 1787-1864. 
245 1 4 |a The Swiss peasant /  |c by Cesar Malan--The one thing needful. 
264 1 |a Park Hill [Indian Territory] :  |b Mission press, E. Archer, printer,  |c 1848. 
300 |a 24 pages ;  |c 13 cm. 
336 |a text  |b txt  |2 rdacontent 
337 |a microform  |b h  |2 rdamedia 
338 |a microfiche  |b he  |2 rdacarrier 
500 |a In Cherokee language and characters; title also in Cherokee. 
500 |a "The one thing needful": pages 16-24. 
500 |a "Sabin : 44088." 
500 |a "Copied from the original in the Library of Congress." 
533 |a Microfiche.  |b Louisville, [Ky.] :  |c Lost Cause Press,  |d 1979.  |e 2 microfiches : negative ; 11 x 15 cm.  |f ([Bibliotheca Americana. Selected Americana. Microfiche ed. / J. Sabin]) (Fiche book) 
500 |a Microform. 
650 0 |a Cherokee language  |v Texts. 
740 4 2 |a The one thing needful. 
999 |a MARS 
999 f f |s 0d4efcad-5138-383d-816e-43f98b6ca634  |i 3daa0f57-65f1-3ab7-8bbd-f728c7bab733  |t 0 
952 f f |p normal  |a Texas A&M University  |b College Station  |c Sterling C. Evans Library  |d Evans: Microforms (3rd floor)  |t 0  |e fiche C 3752  |h Other scheme  |i microform -- microfiche  |m A14821395954 
998 f f |a fiche C 3752  |t 0  |l Evans: Microforms (3rd floor)